00795nam a22001815i 450000100060000000300090000600500170001500700030003200800410003504000200007610000870009624502550018326000500043830000370048870000440052570000210056985200230059048488ES-MaACL20250815063219.0t|950720s1841 fr ||||1| fre d aCAM bspa cCAM1 aLacépède, Bernard Germain Etienne de la Ville sur Illon,cComte de,d1756-182510aHistoire naturelle de Lacépede b: comprenant les cétaces, les quadrupédes ovipares, les serpens et les poissons / cBernard Delaville; nouvelle édition précédée de l'eloge de Lacépede par M. Cuvier; avec de notes de M.A.G. Desmarest. aParis : bFurne et Cie., c1841 (fSchneider) a2 v., 36 h. de lám. ; c26 cm.1 aCuvier, Fréderic Georges, d1773-18381 aDesmarest, A. G. aES-MaACLjG-7887-8